[Event "Tatabanya Genius Cup 1st"]
[Site "Tatabanya"]
[Date "2013.03.15"]
[Round "2"]
[White "Molnar, Viktor"]
[Black "Papp, Jozsef1"]
[Result "1-0"]
[WhiteElo "1712"]
[BlackElo "1734"]
[PlyCount "79"]
[EventDate "2013.03.14"]
[EventType "swiss"]
[EventRounds "6"]
[EventCountry "HUN"]
[SourceTitle "EXT 2014"]
[Source "ChessBase"]
[SourceDate "2013.11.20"]
[SourceVersion "1"]
[SourceVersionDate "2013.11.20"]
[SourceQuality "1"]

1. e4 c5 2. Nf3 g6 3. d4 Bg7 4. Nc3 cxd4 5. Nxd4 a6 6. Be3 d6 7. f3 Nf6 8. Qd2 h5 9. 0-0-0 Bd7 10. h4 Qa5 11. Kb1 b5 12. Nb3 Qc7 13. Nd5 Nxd5 14. exd5 Bf5 15. Bd3 Bxd3 16. Qxd3 Nd7 17. Bd4 Bxd4 18. Qxd4 Nf6 19. Rhe1 0-0 20. Qf4 Rac8 21. c3 Kg7 22. g4 Rh8 23. g5 Nh7 24. Nd4 Rhe8 25. Rd2 Qc4 26. Qe4 Nf8 27. Rde2 Rc7 28. f4 Rc5 29. f5 Qxd5 30. f6+ Kg8 31. Qxd5 Rxd5 32. Rxe7 Ra8 33. Rb7 Re5 34. Rxe5 dxe5 35. Nc6 Re8 36. Re7 Rc8 37. Nxe5 Ne6 38. Nxf7 Nf8 39. Nh6+ Kh8 40. Rg7 1-0

[Event "Kisber op"]
[Site "Kisber"]
[Date "2011.07.24"]
[Round "6"]
[White "Molnar, Viktor"]
[Black "Farkas, Ferenc"]
[Result "1/2-1/2"]
[WhiteElo "1528"]
[BlackElo "1877"]
[PlyCount "75"]
[EventDate "2011.07.21"]
[EventType "swiss"]
[EventRounds "7"]
[EventCountry "HUN"]
[SourceTitle "EXT 2012"]
[Source "ChessBase"]
[SourceDate "2011.11.24"]
[SourceVersion "1"]
[SourceVersionDate "2011.11.24"]
[SourceQuality "1"]

1. d4 d5 2. c4 e6 3. Nc3 Nf6 4. Bg5 Be7 5. e3 0-0 6. Nf3 Nbd7 7. Rc1 c6 8. cxd5 exd5 9. Bd3 h6 10. Bxf6 Nxf6 11. 0-0 Bg4 12. h3 Bh5 13. Be2 Bd6 14. Nd2 Bg6 15. Nb3 Qe7 16. Na4 Ne4 17. Nac5 Nxc5 18. Nxc5 Rfe8 19. Bd3 Bxd3 20. Qxd3 b6 21. Nb3 Rac8 22. Rc2 Bb8 23. Rfc1 Qd6 24. g3 Qd7 25. Kg2 Re7 26. Nd2 Qe6 27. Nf1 h5 28. f3 Qd7 29. b4 Bd6 30. b5 c5 31. dxc5 Bxc5 32. a4 Rd8 33. Rd1 Qe6 34. Re2 Red7 35. Rc2 f5 36. Re2 g6 37. Kh2 Rd6 38. Kg2 1/2-1/2

[Event "Kisber op"]
[Site "Kisber"]
[Date "2011.07.22"]
[Round "2"]
[White "Molnar, Viktor"]
[Black "Kovacs, David"]
[Result "1/2-1/2"]
[WhiteElo "1528"]
[BlackElo "2174"]
[PlyCount "38"]
[EventDate "2011.07.21"]
[EventType "swiss"]
[EventRounds "7"]
[EventCountry "HUN"]
[SourceTitle "EXT 2012"]
[Source "ChessBase"]
[SourceDate "2011.11.24"]
[SourceVersion "1"]
[SourceVersionDate "2011.11.24"]
[SourceQuality "1"]

1. d4 Nf6 2. c4 g6 3. Nc3 d5 4. cxd5 Nxd5 5. e4 Nxc3 6. bxc3 Bg7 7. Nf3 0-0 8. Be2 c5 9. Be3 Nc6 10. Rc1 Qa5 11. Qd2 Rd8 12. d5 Bg4 13. c4 Qxd2+ 14. Nxd2 Bxe2 15. Kxe2 Nd4+ 16. Bxd4 Bxd4 17. Nb3 e5 18. Nxd4 exd4 19. f4 f6 1/2-1/2

[Event "SVK-ch U12"]
[Site "Sliac"]
[Date "2011.04.06"]
[Round "8"]
[White "Kravec, Patrik"]
[Black "Molnar, Viktor"]
[Result "1/2-1/2"]
[WhiteElo "1668"]
[BlackElo "1484"]
[PlyCount "114"]
[EventDate "2011.03.31"]
[EventType "swiss"]
[EventRounds "9"]
[EventCountry "SVK"]
[SourceTitle "CBM 141 Extra"]
[Source "ChessBase"]
[SourceDate "2011.05.03"]
[SourceVersion "1"]
[SourceVersionDate "2011.05.03"]
[SourceQuality "1"]

1. e4 e5 2. Nf3 Nc6 3. d4 exd4 4. Nxd4 Bc5 5. Be3 Qf6 6. Nb5 Bxe3 7. fxe3 Qd8 8. N1c3 a6 9. Nd4 Nxd4 10. exd4 d6 11. Bc4 Nf6 12. 0-0 0-0 13. Qf3 Qe7 14. Rae1 Bg4 15. Qf4 Be6 16. Bd3 Rae8 17. Qh4 Nd5 18. Qxe7 Nxe7 19. Ne2 f5 20. Nf4 Bd7 21. Bc4+ Kh8 22. Be6 Bc8 23. Bxc8 Rxc8 24. exf5 Nxf5 25. Ne6 Rf7 26. g4 Nh6 27. Rxf7 Nxf7 28. Rf1 Kg8 29. Rf3 c6 30. Rb3 b5 31. Ra3 Ra8 32. Nc7 Ra7 33. Rxa6 Rxa6 34. Nxa6 Kf8 35. Nb4 Nd8 36. b3 Ke7 37. Kf2 c5 38. Nd5+ Kd7 39. dxc5 dxc5 40. Nf4 Nc6 41. c3 g6 42. Ke3 Kd6 43. h3 Ne7 44. h4 Nc6 45. g5 Ne7 46. h5 Nf5+ 47. Kf2 Ne7 48. hxg6 hxg6 49. a4 bxa4 50. bxa4 Ke5 51. Kf3 Kf5 52. a5 Kxg5 53. Ne6+ Kf5 54. Nxc5 Ke5 55. a6 Nc8 56. Nd3+ Kd5 57. Nf4+ Kc4 1/2-1/2

[Event "SVK-ch U12"]
[Site "Sliac"]
[Date "2011.04.01"]
[Round "2"]
[White "Molnar, Viktor"]
[Black "Molnar, Erno"]
[Result "1/2-1/2"]
[WhiteElo "1484"]
[BlackElo "1696"]
[PlyCount "39"]
[EventDate "2011.03.31"]
[EventType "swiss"]
[EventRounds "9"]
[EventCountry "SVK"]
[SourceTitle "CBM 141 Extra"]
[Source "ChessBase"]
[SourceDate "2011.05.03"]
[SourceVersion "1"]
[SourceVersionDate "2011.05.03"]
[SourceQuality "1"]

1. e4 c5 2. Nf3 Nc6 3. d4 cxd4 4. Nxd4 Nf6 5. Nc3 e5 6. Ndb5 d6 7. Bg5 a6 8. Na3 b5 9. Nd5 Be7 10. Bxf6 Bxf6 11. c3 Bb7 12. Nc2 Nb8 13. a4 bxa4 14. Nce3 Nd7 15. Qxa4 0-0 16. Rd1 Nb6 17. Qc2 Bg5 18. Nxb6 Qxb6 19. Nc4 Qc6 20. Bd3 1/2-1/2

[Event "SVK-ch U10"]
[Site "Liptovsky Mikulas"]
[Date "2007.04.26"]
[Round "7"]
[White "Molnar, Viktor"]
[Black "Haring, Viktor"]
[Result "1-0"]
[WhiteElo "1440"]
[BlackElo "1411"]
[PlyCount "205"]
[EventDate "2007.04.22"]
[EventType "swiss"]
[EventRounds "9"]
[EventCountry "SVK"]
[SourceTitle "EXT 2008"]
[Source "ChessBase"]
[SourceDate "2007.11.25"]
[SourceVersion "1"]
[SourceVersionDate "2007.11.25"]
[SourceQuality "1"]

1. e4 e5 2. Nf3 Nc6 3. Bc4 Bc5 4. c3 Nf6 5. d4 exd4 6. cxd4 Bb4+ 7. Nc3 Nxe4 8. 0-0 Bxc3 9. d5 Ne7 10. bxc3 0-0 11. Qd3 Nc5 12. Qd4 d6 13. Qh4 Ng6 14. Qh5 Ne4 15. Bg5 Nxg5 16. Nxg5 h6 17. Nf3 Nf4 18. Qh4 Qxh4 19. Nxh4 Bd7 20. Rab1 b6 21. Rfe1 Rfe8 22. g3 Nh3+ 23. Kg2 Ng5 24. f4 Bh3+ 25. Kg1 Ne4 26. Bb5 Nxc3 27. Bxe8 Nxb1 28. Bc6 Rd8 29. Rxb1 Bd7 30. Bxd7 Rxd7 31. Nf5 f6 32. Nd4 Kf7 33. Kf2 a5 34. a4 Re7 35. Kf3 g6 36. h4 f5 37. Rc1 Ke8 38. Ne6 Rd7 39. Nxc7+ Kd8 40. Ne6+ Ke7 41. Re1 Kf6 42. g4 Re7 43. g5+ hxg5 44. hxg5+ Kf7 45. Ke3 Ke8 46. Kd4 Kf7 47. Kc4 Ke8 48. Kb5 Kd7 49. Kxb6 Kc8 50. Kxa5 Ra7+ 51. Kb5 Rb7+ 52. Kc6 Rd7 53. a5 Ra7 54. Ra1 Ra6+ 55. Kb5 Ra8 56. a6 Ra7 57. Kb6 Kb8 58. Nd4 Rb7+ 59. Kc6 Ra7 60. Nb5 Rf7 61. a7+ Ka8 62. Kxd6 Rb7 63. Kc6 Rb6+ 64. Kc5 Rc6+ 65. Kd4 Rc8 66. d6 Rc6 67. d7 Rd6+ 68. Ke5 Rxd7 69. Ke6 Rb7 70. Nd6 Re7+ 71. Kf6 Re6+ 72. Kg7 Rxd6 73. Kh6 Rb6 74. Kg7 Rd6 75. Kf7 Rb6 76. Ke7 Rb7+ 77. Kd8 Rh7 78. Ra6 Rg7 79. Ke8 Rb7 80. Rxg6 Kxa7 81. Rh6 Rb4 82. g6 Rxf4 83. g7 Rg4 84. Kf8 f4 85. g8Q Rxg8+ 86. Kxg8 f3 87. Rf6 f2 88. Rxf2 Kb6 89. Rc2 Kb5 90. Kf7 Kb4 91. Ke6 Kb3 92. Rc8 Kb4 93. Kd5 Kb3 94. Kd4 Kb2 95. Kd3 Kb3 96. Rb8+ Ka4 97. Kc3 Ka5 98. Kc4 Ka6 99. Kc5 Ka7 100. Rb2 Ka8 101. Rb1 Ka7 102. Kc6 Ka8 103. Kc7 1-0

[Event "SVK-ch U10"]
[Site "Liptovsky Mikulas"]
[Date "2007.04.24"]
[Round "5"]
[White "Hlavina, Lubos"]
[Black "Molnar, Viktor"]
[Result "1/2-1/2"]
[WhiteElo "1372"]
[BlackElo "1440"]
[PlyCount "46"]
[EventDate "2007.04.22"]
[EventType "swiss"]
[EventRounds "9"]
[EventCountry "SVK"]
[SourceTitle "EXT 2008"]
[Source "ChessBase"]
[SourceDate "2007.11.25"]
[SourceVersion "1"]
[SourceVersionDate "2007.11.25"]
[SourceQuality "1"]

1. e4 e5 2. Nf3 Nc6 3. Bc4 Nf6 4. d3 Bc5 5. 0-0 d6 6. h3 0-0 7. Bg5 h6 8. Bh4 Be6 9. Bb3 Nd4 10. Nxd4 Bxd4 11. c3 Bb6 12. Nd2 c6 13. Nf3 Kh8 14. Bxe6 fxe6 15. Re1 Qe8 16. d4 Nd7 17. d5 Bc7 18. c4 Rc8 19. b3 Qf7 20. Re2 Nb6 21. Rc1 exd5 22. exd5 cxd5 23. cxd5 Nxd5 1/2-1/2

[Event "SVK-ch U10"]
[Site "Liptovsky Mikulas"]
[Date "2007.04.23"]
[Round "3"]
[White "Sepesi, Samuel"]
[Black "Molnar, Viktor"]
[Result "1-0"]
[WhiteElo "1437"]
[BlackElo "1440"]
[PlyCount "133"]
[EventDate "2007.04.22"]
[EventType "swiss"]
[EventRounds "9"]
[EventCountry "SVK"]
[SourceTitle "EXT 2008"]
[Source "ChessBase"]
[SourceDate "2007.11.25"]
[SourceVersion "1"]
[SourceVersionDate "2007.11.25"]
[SourceQuality "1"]

1. e4 e5 2. f4 d5 3. exd5 e4 4. Nc3 Nf6 5. Bc4 Bg4 6. Nge2 Bxe2 7. Qxe2 Bc5 8. Nxe4 Nxe4 9. Qxe4+ Qe7 10. Qxe7+ Bxe7 11. 0-0 Bc5+ 12. Kh1 0-0 13. d3 Nd7 14. Re1 Nf6 15. Be3 Bxe3 16. Rxe3 Ng4 17. Re7 Rac8 18. h3 Nf6 19. Rae1 a6 20. d6 b5 21. d7 Rcd8 22. Bb3 Nxd7 23. Bd5 Nf6 24. Bb7 a5 25. Rxc7 Nd7 26. Bc6 Nc5 27. Bxb5 Ne6 28. Ra7 Rc8 29. Bc4 Nxf4 30. Rxa5 Rb8 31. b3 Rfc8 32. Bxf7+ Kxf7 33. Rf1 Kg8 34. Rxf4 Rxc2 35. b4 Rb2 36. a3 Rb1+ 37. Kh2 Rb2 38. d4 Rd2 39. d5 h6 40. Kg3 Rd3+ 41. Kg4 Rd2 42. g3 Rd8 43. a4 g6 44. Rc5 Kg7 45. h4 h5+ 46. Kh3 R8xd5 47. Rxd5 Rxd5 48. b5 Kh6 49. b6 Rd7 50. a5 Rb7 51. Rf6 Kg7 52. a6 Rb8 53. a7 Ra8 54. Rc6 Kh6 55. b7 Rxa7 56. b8Q Rg7 57. Rc7 Rxc7 58. Qxc7 g5 59. Qd6+ Kg7 60. hxg5 Kf7 61. Qf6+ Ke8 62. Qg7 Kd8 63. g6 h4 64. Qf7 hxg3 65. Kxg3 Kc8 66. g7 Kb8 67. g8Q# 1-0